000 00625nam a2200205Ia 4500
003 IN-BaIIA
008 211028s9999 xx 000 0 eng d
040 _cIIA Library
080 _a083.7:721.05
_bISI
110 _aIndian Standards Institution
245 0 _aIndian standard recommendation for dimensions of spaces for human activities
_cIndian Standards Institution
260 _aNew Delhi
_bIndian Standards Institution
_c1970
300 _a9p.
500 _aIS 5533 : 1969
650 _a Architecture
_98725
650 _a Buildings 
_99135
650 _a Standards 
650 _aNASA Thesaurus 
942 _cBK
999 _c5143
_d5143